Nuove ricerche sulle istituzioni di Giustiniano

Guardat en:
Dades bibliogràfiques
Autor principal: Luchetti, Giovanni (autor)
Format: Llibre
Idioma:italià
Publicat: Milán Dott. A. Giuffrè 2004
Col·lecció:Seminario Giuridico, 226
Matèries:
Etiquetes: Afegir etiqueta
Sense etiquetes, Sigues el primer a etiquetar aquest registre!

MARC

LEADER 00000nam a2200000 a 4500
001 UCK3243
003 CL-VaPUC
005 20211222171748.0
008 050422e20040000IT |||||||||||||||||ita|d
999 |c 312504  |d 312502 
020 |a 8814111995 
040 |c Pontificia Universidad Católica de Valparaíso 
082 0 4 |a 340.54  |b LUC  |2 21 
100 |a Luchetti, Giovanni  |e autor  |9 499014 
245 1 0 |a Nuove ricerche sulle istituzioni di Giustiniano 
260 |a Milán  |b Dott. A. Giuffrè  |c 2004 
300 |a 297 p 
490 0 |a Seminario Giuridico, 226 
583 |a last modification  |c 20050422 00:00:00  |k Rodrigo Vera 
600 0 |a Justiniano I  |d 483-565  |9 858631 
650 0 |a Derecho romano  |9 255930 
650 0 |a Fuentes del derecho   |9 255162 
650 0 |a Interpretación jurídica  |9 380837 
650 0 |a Filosofía del derecho   |9 255050 
852 |a BIBCUR 
942 |c BK  |2 ddc 
945 |d 20050422 00:00:00  |a cmena 
952 |0 0  |1 0  |4 0  |6 340_540000000000000_LUC_2004  |7 0  |8 DER_ROM  |9 382913  |a BIBDER  |b BIBDER  |d 2019-11-21  |i 410580K  |o 340.54 LUC 2004  |p 410580K  |r 2023-01-25  |w 2019-11-21  |x Ubicación 4to piso  |y BK  |z Este recurso debe solicitarse con anticipación  |k DER